| 000 | 00589nam a2200181 i 4500 | ||
|---|---|---|---|
| 001 | 70459 | ||
| 003 | ES-MaACL | ||
| 005 | 20230906170825.0 | ||
| 007 | t| | ||
| 008 | 040726s19681970sp ||||1| spa d | ||
| 100 | 1 |
_aGarcía-Trevijano Fos, José Antonio. _955343 |
|
| 245 | 1 | 0 |
_aTratado de Derecho Administrativo / _cJosé Antonio García-Trevijano. |
| 250 | _a2ª ed., rev. y ampl. | ||
| 260 |
_aMadrid : _bRevista de Derecho Privado, _c[1968-1970] ( _fSelecciones Gráficas) |
||
| 300 |
_a2 t. en 3 v. ; _c23 cm. |
||
| 500 | _aSon los v. 1 y 3. | ||
| 852 |
_aES-MaACL _jP-1668 _bR.70527 |
||
| 999 |
_c70459 _d70459 |
||